Financial reporting and analysis

保存先:
書誌詳細
第一著者: David A. Guenther
フォーマット: 図書
言語:Undetermined
出版事項: Boston, MA McGraw-Hill 2005
主題:
タグ: タグ追加
タグなし, このレコードへの初めてのタグを付けませんか!
Thư viện lưu trữ: Trung tâm Học liệu Trường Đại học Cần Thơ
LEADER 00542nam a2200205Ia 4500
001 CTU_65799
008 210402s9999 xx 000 0 und d
020 |b 1976000 
082 |a 657.3 
082 |b G926 
100 |a David A. Guenther 
245 0 |a Financial reporting and analysis 
245 0 |c David A. Guenther 
260 |a Boston, MA 
260 |b McGraw-Hill 
260 |c 2005 
650 |a financial statements,corporations 
650 |x accounting 
904 |i Minh 
980 |a Trung tâm Học liệu Trường Đại học Cần Thơ